Gödel, Escher, Bach : ein endloses geflochtenes Band /

Guardado en:
Autor Principal: Hofstadter, Douglas R., 1945-
Formato: Libro
Idioma:German
English
Publicado: Stuttgart : Klett-Cotta, 1986.
Materias:
Etiquetas: Agregar Etiqueta
Sin Etiquetas, Sea el primero en etiquetar este registro!
LEADER 01096nam a22002415a 4500
001 MAT.inmabb003097
008 051025s1986####gw#a#####b####001#0#ger#d
005 20130403163857.0
245 1 0 |a Gödel, Escher, Bach :  |b ein endloses geflochtenes Band /  |c Douglas R. Hofstadter ; [aus dem Amerikanischen übersetzt von Philipp Wolff-Windegg und Hermann Feuersee unter Mitwirkung von Werner Alexi, Ronald Jonkers und Günter Jung]. 
260 |a Stuttgart :  |b Klett-Cotta,  |c 1986. 
300 |a xix, 844 p. :  |b il. ;  |c 24 cm. 
500 |a Traducción de: Gödel, Escher, Bach : an eternal golden braid. New York : Basic Books, 1979. 
504 |a Bibliografía: p. 805-819. 
510 4 |a MR,  |c 80j:03009  |3 (de la versión original) 
020 |a 360893037X 
100 1 |a Hofstadter, Douglas R.,  |d 1945- 
240 1 0 |a Gödel, Escher, Bach.  |l Alemán 
084 |a 03A05 (00A05 60Gxx 92B05)  |2 msc2000 
600 1 7 |a Bach, Johann Sebastian,  |d 1685-1750. 
600 1 7 |a Escher, M. C.  |q (Maurits Cornelis),  |d 1898-1972. 
600 1 7 |a Gödel, Kurt,  |d 1906-1978. 
041 1 |a ger  |h eng 
859 |h 03  |i H713a  |p A-5821  |b BIB. MATEMATICA